Interpreting Revelation / (Record no. 1860)
[ view plain ]
| 000 -LEADER | |
|---|---|
| fixed length control field | 00623nam a22002052 4500 |
| 001 - CONTROL NUMBER | |
| control field | 0000000907 |
| 005 - DATE AND TIME OF LATEST TRANSACTION | |
| control field | 20151217145722.0 |
| 008 - FIXED-LENGTH DATA ELEMENTS--GENERAL INFORMATION | |
| fixed length control field | 070222s xx 000 0 eng d |
| 020 ## - INTERNATIONAL STANDARD BOOK NUMBER | |
| International Standard Book Number | 0802804217 : |
| Terms of availability | KES 3,536 |
| 040 ## - CATALOGING SOURCE | |
| Original cataloging agency | KABU |
| Transcribing agency | KABU |
| 050 #0 - LIBRARY OF CONGRESS CALL NUMBER | |
| Classification number | BS2825.3 |
| Item number | .T46 |
| 100 1# - MAIN ENTRY--PERSONAL NAME | |
| Personal name | Tenney, Merrill C. |
| -- | 0000149315 |
| 245 10 - TITLE STATEMENT | |
| Title | Interpreting Revelation / |
| Statement of responsibility, etc. | Merrill C. Tenney. |
| 260 ## - PUBLICATION, DISTRIBUTION, ETC. (IMPRINT) | |
| Place of publication, distribution, etc. | Grand Rapids, MI. : |
| Name of publisher, distributor, etc. | Wm B. Eerdmans, |
| Date of publication, distribution, etc. | 1957. |
| 300 ## - PHYSICAL DESCRIPTION | |
| Extent | 220 p. |
| 630 00 - SUBJECT ADDED ENTRY--UNIFORM TITLE | |
| Uniform title | Bible. N.T. Revelation |
| General subdivision | Commentaries. |
| -- | 0000149342 |
| 852 1# - LOCATION | |
| -- | p3536 KES |
| 908 ## - PUT COMMAND PARAMETER (RLIN) | |
| Put command parameter | 070222 |
| 950 ## - LOCAL HOLDINGS (RLIN) | |
| -- | 1 |
| Withdrawn status | Lost status | Source of classification or shelving scheme | Not for loan | Home library | Current library | Date acquired | Total Checkouts | Full call number | Barcode | Date last seen | Date last checked out | Price effective from | Koha item type |
|---|---|---|---|---|---|---|---|---|---|---|---|---|---|
| Library of Congress Classification | Kabarak, Main Campus | Kabarak, Main Campus | 17/12/2015 | 1 | BS2825.3 .T46 c. 2 | 18065 | 02/08/2024 | 11/10/2016 | 17/12/2015 | General Collection | |||
| Library of Congress Classification | Kabarak, Main Campus | Kabarak, Main Campus | 17/12/2015 | 3 | BS2825.3 .T46 | 000285 | 02/08/2024 | 19/08/2016 | 17/12/2015 | General Collection |